Normal view
MARC view
Entry Término temático
001 - NÚMERO DE CONTROL
- campo de control: 30141
003 - IDENTIFICADOR DEL NÚMERO DE CONTROL
- campo de control: FranzMayer
005 - FECHA Y HORA DE LA ÚLTIMA TRANSACCIÓN
- campo de control: 20260326130913.0
008 - DATOS DE LONGITUD FIJA
- campo de control de longitud fija: 260326|| aca||aabn | a|a d
040 ## - FUENTE DE LA CATALOGACIÓN
- Centro catalogador/agencia de origen: FranzMayer
- Centro/agencia transcriptor: FranzMayer
150 ## - ENCABEZAMIENTO--TÉRMINO DE MATERIA
- Término de materia o nombre geográfico como elemento de entrada: Indigenous Peoples of Mexico
- Subdivisión general: Antiquities
670 ## - FUENTE DE DATOS ENCONTRADOS
- Cita de la fuente: Work cat.: (FranzMayer)11108: Charnay, Desiere (1828-1915) 6275, Les Anciennes Villes du Nouveau Monde Voyages d´explorations au Mexique et dans l´Amerique Centrale, 1857-1882 :, 1885